Riconosci il Pokémon - Quiz n°89 - Statistics

Statistiche generali
  • Questo quiz è stato fatto 3 volte
  • Il punteggio medio è 10 su 10
Statistiche sulle risposte
Indizio Risposta % Corretto
Altezza 1,5 m
100%
Tasso di cattura 45 (11.9%)
100%
Sesso 50% ♂, 50% ♀
100%
Peso 58,2 kg
100%
Tipo Ghiaccio / Psico
100%
Abilità Intricopiedi; Annullabarriere; Corpogelo
100%
Tasso di allevamento Medio-Veloce
100%
Pokémon Mr. Rime
100%
Generazione Ottava
100%
Stadio evoluzione Seconda evoluzione
100%
Nessun quiz corrispondente trovato
Distribuzione punteggi
Percentuale di utenti per punteggio
Percentile per numero di risposta
I tuoi punteggi nel tempo
Non hai fatto questo quiz